[Event "DM 2022 Kort Paaske 2 Grp1"]
[Site "Svendborg"]
[Date "2022.04.14"]
[Round "1"]
[White "Laursen, Niels Norskov"]
[Black "Motzkus, Mikkel"]
[Result "1/2-1/2"]
[WhiteElo "2178"]
[BlackElo "1974"]
[PlyCount "70"]
[EventDate "2022.04.14"]
[EventType "swiss"]
[EventRounds "5"]
[EventCountry "DEN"]

1. e4 e6 2. d3 d5 3. Nd2 c5 4. Ngf3 Nc6 5. g3 Nf6 6. Bg2 Be7 7. O-O O-O 8. Re1
Qc7 9. e5 Nd7 10. Qe2 b6 11. h4 f6 12. exf6 Rxf6 13. Nf1 e5 14. Ng5 Rd6 15. Ne3
Nf6 16. c4 Nd4 17. Qf1 Bb7 18. Bd2 h6 19. Nf3 Nxf3+ 20. Bxf3 d4 21. Bxb7 Qxb7
22. Nf5 Re6 23. Qh3 Qc6 24. Re2 Re8 25. Qg2 Qxg2+ 26. Kxg2 e4 27. dxe4 Rxe4 28.
Rxe4 Nxe4 29. Nxe7+ Rxe7 30. Re1 Kf7 31. Bf4 a6 32. f3 Nf6 33. Rxe7+ Kxe7 34.
Kf2 b5 35. b3 Ne8 1/2-1/2

[Event "DM 2022 Kort Paaske 2 Grp1"]
[Site "Svendborg"]
[Date "2022.04.14"]
[Round "1"]
[White "Raahauge, Lars"]
[Black "Mortensen, Martin Lind"]
[Result "1/2-1/2"]
[WhiteElo "1952"]
[BlackElo "2075"]
[PlyCount "39"]
[EventDate "2022.04.14"]
[EventType "swiss"]
[EventRounds "5"]
[EventCountry "DEN"]

1. e4 e6 2. d3 d5 3. Nd2 Nf6 4. Ngf3 c5 5. g3 Nc6 6. Bg2 Be7 7. O-O O-O 8. Re1
d4 9. e5 Nd5 10. a4 Bd7 11. Nc4 Na5 12. Nfd2 Bc6 13. Nxa5 Qxa5 14. Nc4 Qc7 15.
Be4 Nb6 16. b3 Nxc4 17. bxc4 f5 18. exf6 Bxf6 19. Qh5 Bxe4 20. Rxe4 1/2-1/2

[Event "DM 2022 Kort Paaske 2 Grp1"]
[Site "Svendborg"]
[Date "2022.04.14"]
[Round "1"]
[White "Nielsen, Henning"]
[Black "Boldt, Allan"]
[Result "1-0"]
[WhiteElo "2076"]
[BlackElo "2150"]
[PlyCount "85"]
[EventDate "2022.04.14"]
[EventType "swiss"]
[EventRounds "5"]
[EventCountry "DEN"]

1. e4 c5 2. Nf3 d6 3. c3 Nf6 4. Be2 Nc6 5. d4 e5 6. O-O Bd7 7. Bg5 h6 8. Bxf6
Qxf6 9. d5 Ne7 10. Qb3 Rb8 11. Bb5 Rd8 12. Nbd2 Ng6 13. g3 Be7 14. h4 a6 15.
Bxd7+ Rxd7 16. Nh2 h5 17. Nhf3 Bd8 18. a4 Nf8 19. Ng5 Nh7 20. f4 Nxg5 21. fxg5
Qg6 22. Rf5 f6 23. Nf3 fxg5 24. hxg5 Rf8 25. Nh4 Qh7 26. Raf1 Rxf5 27. exf5
Bxg5 28. c4 Qh6 29. Qf3 Rf7 30. Ng6 Be3+ 31. Kg2 Qg5 32. b3 Bd4 33. Kh3 Kd8 34.
Qe4 Kc7 35. Qh4 Rxf5 36. Qxg5 Rxg5 37. Rf7+ Kb6 38. Ne7 e4 39. Nc8+ Ka5 40.
Rxb7 Be5 41. Na7 Rxg3+ 42. Kh4 e3 43. Nc6# 1-0

[Event "DM 2022 Kort Paaske 2 Grp1"]
[Site "Svendborg"]
[Date "2022.04.14"]
[Round "1"]
[White "Andersen, Kim Nyvang"]
[Black "Schjodt, Niels Chr"]
[Result "1-0"]
[WhiteElo "1978"]
[BlackElo "2037"]
[PlyCount "107"]
[EventDate "2022.04.14"]
[EventType "swiss"]
[EventRounds "5"]
[EventCountry "DEN"]

1. d4 Nf6 2. c4 e6 3. Nf3 d5 4. Nc3 c6 5. e3 Nbd7 6. Bd3 Bd6 7. O-O O-O 8. b3
dxc4 9. bxc4 e5 10. d5 cxd5 11. cxd5 Bb4 12. Ne4 Nxe4 13. Bxe4 Nf6 14. Qd3 Bd6
15. Bb2 Qe7 16. Nd2 Nxe4 17. Nxe4 Bf5 18. Rac1 Rad8 19. f3 Bb8 20. g4 Bxe4 21.
Qxe4 Qg5 22. Kh1 Rfe8 23. Rc2 a6 24. h4 Qg6 25. Qxg6 hxg6 26. e4 f6 27. Ba3 Kf7
28. Rb1 Rd7 29. Rb6 Ba7 30. Rd6 Rde7 31. Kg2 Bd4 32. Kf1 Ra8 33. Ke2 a5 34. Kd3
b5 35. Rcc6 b4 36. Bc1 a4 37. g5 a3 38. Kc2 f5 39. Kb3 fxe4 40. fxe4 Rb7 41.
Bd2 Bf2 42. Rxg6 Rh8 43. Rge6 Rhb8 44. Rxe5 Bxh4 45. Rf5+ Kg8 46. Bf4 Rd8 47.
Bc7 Rf8 48. Rxf8+ Kxf8 49. Bd6+ Ke8 50. e5 Bxg5 51. e6 Bd8 52. Bxb4 g5 53. d6
g4 54. d7+ 1-0

[Event "DM 2022 Kort Paaske 2 Grp1"]
[Site "Svendborg"]
[Date "2022.04.14"]
[Round "1"]
[White "Nielsen, Klaus"]
[Black "Nykjaer, Jess"]
[Result "1/2-1/2"]
[WhiteElo "2008"]
[BlackElo "1961"]
[PlyCount "97"]
[EventDate "2022.04.14"]
[EventType "swiss"]
[EventRounds "5"]
[EventCountry "DEN"]

1. d4 d5 2. Nc3 Nf6 3. Bf4 e6 4. Nf3 Bd6 5. Ne5 c6 6. e3 Qc7 7. Bd3 Nbd7 8.
Nxd7 Bxd7 9. Bg3 O-O 10. O-O b6 11. f4 c5 12. Bh4 Ne8 13. Qh5 g6 14. Qf3 c4 15.
Be2 Bc6 16. a4 Be7 17. Bxe7 Qxe7 18. Bxc4 Qb4 19. Bb3 Nd6 20. Rf2 Rfc8 21. Qe2
a6 22. g4 b5 23. a5 Nc4 24. Bxc4 Qxb2 25. Rb1 Qxc3 26. Bd3 Rf8 27. f5 e5 28.
dxe5 Qxe5 29. Rbf1 Rae8 30. fxg6 hxg6 31. Qf3 Kg7 32. Qf6+ Qxf6 33. Rxf6 Bb7
34. Rb6 Bc8 35. Kf2 Re6 36. Rxe6 Bxe6 37. Kg3 Rc8 38. g5 Rc3 39. Rf6 Ra3 40. h4
Rxa5 41. Bxg6 Ra4 42. Bf5 Ra3 43. Bd3 Ra4 44. Rf4 Ra1 45. Kg2 Re1 46. Kf2 Rh1
47. Ke2 Rh3 48. Kd2 Rg3 49. Ke2 1/2-1/2

[Event "DM 2022 Kort Paaske 2 Grp1"]
[Site "Svendborg"]
[Date "2022.04.14"]
[Round "1"]
[White "Burgaard, Kristian Gade"]
[Black "Fredericia, Louise Winther"]
[Result "1/2-1/2"]
[WhiteElo "1996"]
[BlackElo "1995"]
[PlyCount "154"]
[EventDate "2022.04.14"]
[EventType "swiss"]
[EventRounds "5"]
[EventCountry "DEN"]

1. d4 e6 2. c4 f5 3. Nc3 Nf6 4. g3 Bb4 5. Bd2 O-O 6. Bg2 Nc6 7. a3 Be7 8. Nf3
Ne4 9. O-O Bf6 10. e3 Nxd2 11. Qxd2 d6 12. b4 Qe8 13. Rac1 a5 14. d5 axb4 15.
Nb5 Rf7 16. dxc6 bxc6 17. Nfd4 Ra6 18. Bxc6 Rxc6 19. Nxc6 Qxc6 20. Na7 Bc3 21.
Nxc6 Bxd2 22. Rc2 Bc3 23. axb4 Bf6 24. Ra2 Bb7 25. Nd4 e5 26. Nb5 Bf3 27. Ra7
Bd8 28. Rc1 Rd7 29. Nc3 Kf7 30. Rc2 g5 31. Rd2 Ke6 32. b5 h5 33. Nd5 h4 34. b6
cxb6 35. Rxd7 Kxd7 36. Nb4 hxg3 37. hxg3 Kc7 38. Ra2 Kb7 39. Kf1 g4 40. Ke1 Bg5
41. Rd2 Kc7 42. Rb2 Kb7 43. Kf1 Be4 44. Kg1 Bf3 45. Rb3 Be4 46. Kf1 Bf3 47. Nd3
Kc6 48. Ne1 Be4 49. f3 gxf3 50. Kf2 Bd8 51. Nxf3 Bxf3 52. Kxf3 Kc5 53. Rc3 Kb4
54. Rc1 Kb3 55. e4 f4 56. gxf4 exf4 57. Kxf4 Bf6 58. Kf5 Bd4 59. Ke6 Bc5 60.
Kd5 Kb2 61. Rh1 Kb3 62. Rb1+ Kc3 63. Rb5 Bf2 64. Kxd6 Kxc4 65. Rb2 Bc5+ 66. Ke6
Bd4 67. Rb1 b5 68. e5 b4 69. Kd6 Bxe5+ 70. Kxe5 b3 71. Ke4 Kc3 72. Ke3 b2 73.
Rh1 Kc2 74. Rh2+ Kc1 75. Rh1+ Kc2 76. Rh2+ Kc1 77. Rxb2 Kxb2 1/2-1/2

[Event "DM 2022 Kort Paaske 2 Grp1"]
[Site "Svendborg"]
[Date "2022.04.14"]
[Round "1"]
[White "Nielsen, Aage Sondergaard"]
[Black "Hove, Svend Kjems"]
[Result "0-1"]
[WhiteElo "1951"]
[BlackElo "1968"]
[PlyCount "106"]
[EventDate "2022.04.14"]
[EventType "swiss"]
[EventRounds "5"]
[EventCountry "DEN"]

1. e4 d5 2. exd5 Qxd5 3. Nc3 Qe6+ 4. Qe2 Nf6 5. Nf3 g6 6. Qxe6 Bxe6 7. Ng5 Bf5
8. Nb5 Na6 9. c3 Bg7 10. Nd4 Bd7 11. Bc4 O-O 12. O-O Ng4 13. Nc2 Ne5 14. Be2
Bf5 15. Bxa6 bxa6 16. Nb4 Rfc8 17. d4 Nd3 18. Nxa6 e5 19. dxe5 Bxe5 20. Nf3 Bd6
21. Nd4 Be4 22. b4 Bb7 23. b5 c5 24. Nb3 c4 25. Na5 Bd5 26. Be3 Be5 27. Bd4
Bxd4 28. cxd4 c3 29. Nc5 Nf4 30. f3 Ne2+ 31. Kf2 Nxd4 32. Nd3 Nxb5 33. Rfc1
Rab8 34. Nb4 Ba8 35. Nc2 Nd6 36. Ke3 Rb5 37. Nb3 Re5+ 38. Kd3 Bb7 39. Nb4 Nb5
40. a4 a5 41. Nxa5 Rd8+ 42. Kc4 Nd6+ 43. Kxc3 Rxa5 44. Rd1 Rc8+ 45. Kb3 Nc4 46.
Rd4 Ne3 47. Ra2 Rac5 48. a5 Rc3+ 49. Ka4 Nc4 50. a6 Ba8 51. Nd5 Bxd5 52. Kb4
Nb6 53. a7 Bxa2 0-1

[Event "DM 2022 Kort Paaske 2 Grp1"]
[Site "Svendborg"]
[Date "2022.04.14"]
[Round "2"]
[White "Hove, Svend Kjems"]
[Black "Nielsen, Henning"]
[Result "1/2-1/2"]
[WhiteElo "1968"]
[BlackElo "2076"]
[PlyCount "141"]
[EventDate "2022.04.14"]
[EventType "swiss"]
[EventRounds "5"]
[EventCountry "DEN"]

1. e4 e5 2. Bc4 Nf6 3. Nc3 Nc6 4. Nf3 Nxe4 5. Bxf7+ Kxf7 6. Nxe4 d5 7. Neg5+
Kg8 8. d4 e4 9. Ne5 Nxe5 10. dxe5 h6 11. Nxe4 Be7 12. Ng3 Be6 13. Qd3 Qd7 14.
O-O h5 15. Qg6 Bf7 16. Qf5 Qc6 17. Re1 Bg6 18. Qf3 Rf8 19. Qc3 Qe6 20. Ne2 c5
21. Nf4 Qf5 22. Qg3 Bf7 23. Qh3 Qxc2 24. Qd7 Bh4 25. g3 Bg5 26. e6 Be8 27. Qxd5
Rf5 28. Qb3 Qxb3 29. axb3 a6 30. Nd3 Be7 31. Be3 Bb5 32. Rad1 g5 33. f4 Rh6 34.
fxg5 Rxe6 35. Nf4 Re4 36. h4 Be8 37. Bf2 Rfe5 38. Nd5 Rxe1+ 39. Bxe1 Kf7 40.
Bc3 Re4 41. Rf1+ Kg8 42. Bf6 Bd6 43. Bc3 Be7 44. Re1 Rxe1+ 45. Bxe1 Bd8 46. Kf2
Kf7 47. Ke3 Bc6 48. Nf4 Bb6 49. Bc3 c4+ 50. Bd4 Bxd4+ 51. Kxd4 cxb3 52. Nxh5
Bf3 53. Nf4 a5 54. h5 a4 55. Kc3 b5 56. h6 Be4 57. Ne2 Kg6 58. Nd4 Kxg5 59.
Nxb5 Kxh6 60. Kb4 Kg5 61. Nd4 Kg4 62. Kxa4 Bc2 63. Nxb3 Kxg3 64. Kb4 Kf4 65.
Nc5 Ke5 66. Kc4 Kd6 67. b4 Bd1 68. Ne4+ Kc7 69. Nc3 Bf3 70. Nb5+ Kb6 71. Nd4
1/2-1/2

[Event "DM 2022 Kort Paaske 2 Grp1"]
[Site "Svendborg"]
[Date "2022.04.14"]
[Round "2"]
[White "Mortensen, Martin Lind"]
[Black "Andersen, Kim Nyvang"]
[Result "1/2-1/2"]
[WhiteElo "2075"]
[BlackElo "1978"]
[PlyCount "48"]
[EventDate "2022.04.14"]
[EventType "swiss"]
[EventRounds "5"]
[EventCountry "DEN"]

1. e4 c5 2. Nf3 Nc6 3. Bb5 e6 4. O-O Nge7 5. c3 a6 6. Ba4 b5 7. Bc2 Ng6 8. d4
cxd4 9. cxd4 d6 10. Nc3 Be7 11. Be3 O-O 12. Qd2 Na5 13. b3 Bd7 14. Rac1 Rc8 15.
Ne2 f5 16. exf5 exf5 17. Bb1 d5 18. Rxc8 Bxc8 19. Rc1 b4 20. Bg5 Nb7 21. Bxe7
Qxe7 22. Nf4 Nxf4 23. Qxf4 Qd6 24. Ne5 Bd7 1/2-1/2

[Event "DM 2022 Kort Paaske 2 Grp1"]
[Site "Svendborg"]
[Date "2022.04.14"]
[Round "2"]
[White "Nykjaer, Jess"]
[Black "Laursen, Niels Norskov"]
[Result "1/2-1/2"]
[WhiteElo "1961"]
[BlackElo "2178"]
[PlyCount "53"]
[EventDate "2022.04.14"]
[EventType "swiss"]
[EventRounds "5"]
[EventCountry "DEN"]

1. e4 c5 2. Nc3 e6 3. Bc4 a6 4. a4 Nc6 5. f4 Nge7 6. e5 Nf5 7. Nf3 d6 8. exd6
Bxd6 9. d3 b6 10. Ne4 Bb7 11. Nxd6+ Qxd6 12. Qe2 O-O 13. O-O b5 14. Bb3 Ncd4
15. Nxd4 cxd4 16. Bd2 Rfc8 17. Qf2 Bc6 18. axb5 axb5 19. g4 Ne7 20. h3 Rxa1 21.
Rxa1 Ra8 22. Re1 Bb7 23. Kh2 h5 24. Qg3 hxg4 25. hxg4 g6 26. f5 Qxg3+ 27. Kxg3
1/2-1/2

[Event "DM 2022 Kort Paaske 2 Grp1"]
[Site "Svendborg"]
[Date "2022.04.14"]
[Round "2"]
[White "Motzkus, Mikkel"]
[Black "Nielsen, Klaus"]
[Result "1/2-1/2"]
[WhiteElo "1974"]
[BlackElo "2008"]
[PlyCount "95"]
[EventDate "2022.04.14"]
[EventType "swiss"]
[EventRounds "5"]
[EventCountry "DEN"]

1. d4 d5 2. Nf3 e6 3. c4 c6 4. Nc3 f5 5. Bf4 Nf6 6. cxd5 exd5 7. Rc1 Be7 8. e3
O-O 9. Ne5 Ne4 10. h3 Nd7 11. Bd3 Ndf6 12. O-O Nxc3 13. bxc3 a5 14. Qc2 Ne4 15.
c4 Be6 16. f3 Nd6 17. c5 Ne8 18. Rb1 Bc8 19. Rb6 Nc7 20. g4 Bg5 21. Kh2 Bxf4+
22. exf4 Qh4 23. Qf2 Qh6 24. Qg3 fxg4 25. fxg4 Ne6 26. g5 Qh5 27. Ng4 Kh8 28.
Qe3 Nxd4 29. Ne5 Ne6 30. Rf3 d4 31. Qe4 Nxc5 32. Nf7+ Kg8 33. Nh6+ Qxh6 34.
Qxd4 Qh5 35. Re3 Nd7 36. Bc4+ Kh8 37. Rb2 b5 38. Be6 Nb6 39. Qxb6 Bxe6 40. Rxe6
Rxf4 41. Qxc6 Raf8 42. Re5 Qh4 43. Qg2 Rb4 44. Rxb5 Qf4+ 45. Kh1 Qc4 46. R5xb4
axb4 47. Rf2 Re8 48. Qf3 1/2-1/2

[Event "DM 2022 Kort Paaske 2 Grp1"]
[Site "Svendborg"]
[Date "2022.04.14"]
[Round "2"]
[White "Fredericia, Louise Winther"]
[Black "Raahauge, Lars"]
[Result "0-1"]
[WhiteElo "1995"]
[BlackElo "1952"]
[PlyCount "40"]
[EventDate "2022.04.14"]
[EventType "swiss"]
[EventRounds "5"]
[EventCountry "DEN"]

1. f4 d5 2. Nf3 Nf6 3. e3 c5 4. b3 Nc6 5. Bb2 e6 6. Be2 Be7 7. O-O O-O 8. Ne5
Qc7 9. d3 Rd8 10. Bf3 b6 11. Nxc6 Qxc6 12. Nd2 Bb7 13. g4 Qd7 14. g5 Ne8 15.
Bg4 Nd6 16. Nf3 Rac8 17. Ne5 Qe8 18. Rf3 c4 19. Rh3 f5 20. Bh5 Qf8 0-1

[Event "DM 2022 Kort Paaske 2 Grp1"]
[Site "Svendborg"]
[Date "2022.04.14"]
[Round "2"]
[White "Schjodt, Niels Chr"]
[Black "Burgaard, Kristian Gade"]
[Result "1-0"]
[WhiteElo "2037"]
[BlackElo "1996"]
[PlyCount "55"]
[EventDate "2022.04.14"]
[EventType "swiss"]
[EventRounds "5"]
[EventCountry "DEN"]

1. d4 Nf6 2. Nc3 d5 3. Bg5 Bf5 4. e3 e6 5. Bd3 Bg6 6. h4 Be7 7. Bxf6 Bxf6 8. h5
Bxd3 9. Qxd3 h6 10. O-O-O O-O 11. f4 c5 12. Nf3 Nc6 13. g4 c4 14. Qe2 b5 15.
Rdg1 b4 16. Nb1 c3 17. g5 hxg5 18. fxg5 Be7 19. g6 Qa5 20. h6 Bf6 21. hxg7 Bxg7
22. Qh2 fxg6 23. Qh7+ Kf7 24. Ng5+ Ke7 25. Qxg7+ Kd6 26. Rh7 Rad8 27. Nf7+ Rxf7
28. Qxf7 1-0

[Event "DM 2022 Kort Paaske 2 Grp1"]
[Site "Svendborg"]
[Date "2022.04.14"]
[Round "2"]
[White "Boldt, Allan"]
[Black "Nielsen, Aage Sondergaard"]
[Result "1/2-1/2"]
[WhiteElo "2150"]
[BlackElo "1951"]
[PlyCount "102"]
[EventDate "2022.04.14"]
[EventType "swiss"]
[EventRounds "5"]
[EventCountry "DEN"]

1. e4 e5 2. Nf3 Nc6 3. d4 exd4 4. Nxd4 Nf6 5. Nxc6 bxc6 6. e5 Qe7 7. Qe2 Nd5 8.
h4 a5 9. Bg5 Qb4+ 10. c3 Qb6 11. Qc2 h6 12. Bc1 Ba6 13. Nd2 Be7 14. Nc4 Qa7 15.
Bd3 Rb8 16. Qe2 Qc5 17. Qg4 g6 18. Rh3 Bxc4 19. Qxc4 Qxc4 20. Bxc4 h5 21. Bb3
O-O 22. Rd3 Nb6 23. g3 c5 24. Bc2 Rfe8 25. Bf4 d6 26. O-O-O c4 27. Re3 d5 28.
e6 Bd6 29. exf7+ Kxf7 30. Rf3 Kg7 31. Be3 c5 32. Rd2 Re6 33. Bd1 Rd8 34. Bg5
Rd7 35. Re3 Rxe3 36. Bxe3 Be7 37. Bf3 Kf6 38. Bg2 Rd8 39. Bg5+ Kf7 40. Re2
Bxg5+ 41. hxg5 Re8 42. Rxe8 Kxe8 43. b3 cxb3 44. axb3 Ke7 45. f4 Kd6 46. Kd2
Nc8 47. c4 d4 48. Kd3 Ne7 49. Be4 Ke6 50. Bg2 Nf5 51. Bh3 Kd6 1/2-1/2

[Event "DM 2022 Kort Paaske 2 Grp1"]
[Site "Svendborg"]
[Date "2022.04.15"]
[Round "3"]
[White "Nielsen, Henning"]
[Black "Fredericia, Louise Winther"]
[Result "1-0"]
[WhiteElo "2076"]
[BlackElo "1995"]
[PlyCount "121"]
[EventDate "2022.04.14"]
[EventType "swiss"]
[EventRounds "5"]
[EventCountry "DEN"]

1. e4 c5 2. Nf3 Nc6 3. d4 cxd4 4. Nxd4 g6 5. c4 Bg7 6. Be3 Nf6 7. Nc3 O-O 8.
Be2 d6 9. O-O Bd7 10. Rc1 Nxd4 11. Bxd4 Bc6 12. f3 a5 13. b3 Nd7 14. Be3 Nc5
15. Qd2 e6 16. Rfd1 Be5 17. Bf4 Qe7 18. Bxe5 dxe5 19. Qd6 Qxd6 20. Rxd6 Rfd8
21. Rcd1 Rxd6 22. Rxd6 Kf8 23. Bd1 Ke7 24. Rd2 h5 25. a3 Na6 26. Kf2 h4 27. Ke3
Rb8 28. Be2 Ra8 29. Rb2 Nc5 30. b4 axb4 31. axb4 Ra3 32. Kd2 Nb3+ 33. Ke1 Nd4
34. Nb1 Ra1 35. b5 Bd7 36. Bd1 h3 37. g3 Kd6 38. Kd2 Kc5 39. Kc3 f5 40. Kd3 g5
41. g4 f4 42. Nc3 Kd6 43. Ra2 Rxa2 44. Nxa2 Kc5 45. Kc3 Be8 46. Nc1 b6 47. Nd3+
Kd6 48. Nf2 Ke7 49. Nxh3 Kf6 50. Nf2 Ke7 51. Kb4 Kf6 52. Nd3 Bd7 53. Ne1 Ke7
54. Bc2 Kd6 55. Bd1 Be8 56. Ng2 Bg6 57. h4 Bxe4 58. fxe4 f3 59. Bxf3 Nxf3 60.
h5 Ke7 61. c5 1-0

[Event "DM 2022 Kort Paaske 2 Grp1"]
[Site "Svendborg"]
[Date "2022.04.15"]
[Round "3"]
[White "Andersen, Kim Nyvang"]
[Black "Hove, Svend Kjems"]
[Result "1-0"]
[WhiteElo "1978"]
[BlackElo "1968"]
[PlyCount "139"]
[EventDate "2022.04.14"]
[EventType "swiss"]
[EventRounds "5"]
[EventCountry "DEN"]

1. d4 c5 2. d5 e5 3. Nc3 d6 4. e4 a6 5. a4 g6 6. h4 Bg7 7. h5 Nd7 8. Nf3 Nf8 9.
Be2 f5 10. Bg5 Qa5 11. hxg6 fxe4 12. Nd2 Bf5 13. gxh7 Nf6 14. Nc4 Qc7 15. Bh5+
Ke7 16. Ne3 Bxh7 17. Qg4 Qc8 18. O-O-O Qxg4 19. Bxg4 Kf7 20. Rh2 Nxg4 21. Nxg4
Bg6 22. Rxh8 Bxh8 23. Re1 Nh7 24. Bh4 Bg7 25. Nxe4 Bf8 26. f3 b5 27. a5 Bf5 28.
Nef2 Kg6 29. Kd2 Ng5 30. Rh1 Nf7 31. Ne3 Bc8 32. g4 Bb7 33. Ne4 Ra7 34. c3 Ba8
35. b4 Bh6 36. g5 Bf8 37. bxc5 dxc5 38. c4 Rd7 39. Kc3 Be7 40. Rb1 b4+ 41. Kd3
Rd8 42. Ng4 Rh8 43. Bg3 Kf5 44. g6 Kxg6 45. Nxe5+ Nxe5+ 46. Bxe5 Rh5 47. Rg1+
Kf7 48. Bc7 Rf5 49. Ke3 Bxd5 50. cxd5 Rxd5 51. Nd2 c4 52. Rc1 c3 53. Nb3 Rg5
54. Kd3 Rg2 55. Kc4 Rb2 56. f4 Ke8 57. Be5 Kd8 58. Nc5 Kc8 59. Nxa6 Kb7 60.
Nc5+ Kc6 61. Nd3 Re2 62. Nxb4+ Kd7 63. Rd1+ Rd2 64. Rc1 Re2 65. Kxc3 Re4 66.
Rd1+ Kc8 67. Nd5 Bc5 68. Rb1 Ra4 69. Nb6+ Bxb6 70. axb6 1-0

[Event "DM 2022 Kort Paaske 2 Grp1"]
[Site "Svendborg"]
[Date "2022.04.15"]
[Round "3"]
[White "Laursen, Niels Norskov"]
[Black "Schjodt, Niels Chr"]
[Result "1/2-1/2"]
[WhiteElo "2178"]
[BlackElo "2037"]
[PlyCount "91"]
[EventDate "2022.04.14"]
[EventType "swiss"]
[EventRounds "5"]
[EventCountry "DEN"]

1. e4 e6 2. d4 d5 3. Nd2 Nf6 4. e5 Nfd7 5. Ngf3 c5 6. c3 Nc6 7. Bd3 g6 8. O-O
Bg7 9. Re1 O-O 10. Bf1 a5 11. Nb1 Rb8 12. Na3 cxd4 13. cxd4 f6 14. exf6 Nxf6
15. Nb5 Ne4 16. Be3 e5 17. Rc1 Bg4 18. Be2 exd4 19. Nfxd4 Bd7 20. f3 Nxd4 21.
Bxd4 Bxd4+ 22. Qxd4 Nf6 23. a4 Bc6 24. Kh1 Nh5 25. b3 Nf4 26. Bf1 Qg5 27. Qe5
Qh6 28. Nd4 Rbe8 29. Qc7 Ne6 30. Nxe6 Rxe6 31. Qg3 Rfe8 32. Rxe6 Rxe6 33. Re1
Rxe1 34. Qxe1 d4 35. Bc4+ Kf8 36. Kg1 Qg5 37. Qe2 Bd5 38. Bxd5 Qxd5 39. Qd3 Ke7
40. Kf2 Kd6 41. Ke2 b6 42. Kd1 Qe5 43. Kc2 Qc5+ 44. Kd1 Qe5 45. Kc2 Qc5+ 46.
Kd1 1/2-1/2

[Event "DM 2022 Kort Paaske 2 Grp1"]
[Site "Svendborg"]
[Date "2022.04.15"]
[Round "3"]
[White "Nielsen, Klaus"]
[Black "Mortensen, Martin Lind"]
[Result "1/2-1/2"]
[WhiteElo "2008"]
[BlackElo "2075"]
[PlyCount "58"]
[EventDate "2022.04.14"]
[EventType "swiss"]
[EventRounds "5"]
[EventCountry "DEN"]

1. d4 Nf6 2. Nf3 d5 3. e3 e6 4. Bd3 b6 5. O-O Bb7 6. Ne5 Bd6 7. Nd2 O-O 8. f4
Nbd7 9. Qf3 c5 10. c3 Qe7 11. Rf2 Ne8 12. g4 Bxe5 13. dxe5 f6 14. Qh3 g6 15.
exf6 Nexf6 16. b3 e5 17. Bb2 exf4 18. exf4 Rae8 19. g5 Nh5 20. Raf1 Ng7 21. Re2
Qf7 22. Rxe8 Rxe8 23. Qf3 Nf5 24. Bxf5 Qxf5 25. c4 Ba8 26. cxd5 Bxd5 27. Qc3
Qg4+ 28. Qg3 Qe2 29. Rf2 Qe1+ 1/2-1/2

[Event "DM 2022 Kort Paaske 2 Grp1"]
[Site "Svendborg"]
[Date "2022.04.15"]
[Round "3"]
[White "Nykjaer, Jess"]
[Black "Motzkus, Mikkel"]
[Result "1/2-1/2"]
[WhiteElo "1961"]
[BlackElo "1974"]
[PlyCount "68"]
[EventDate "2022.04.14"]
[EventType "swiss"]
[EventRounds "5"]
[EventCountry "DEN"]

1. e4 c6 2. Nc3 d5 3. Nf3 Bg4 4. exd5 cxd5 5. h3 Bxf3 6. Qxf3 Nf6 7. d4 Nc6 8.
Be3 e6 9. a3 Qa5 10. Rd1 Ne4 11. Rd3 Rc8 12. Bd2 Nxd2 13. Rxd2 Be7 14. Qe3 O-O
15. Bb5 a6 16. Bxc6 Rxc6 17. Nd1 b5 18. c3 Qb6 19. O-O a5 20. f4 b4 21. axb4
axb4 22. f5 Bf6 23. fxe6 Rxe6 24. Qf3 bxc3 25. bxc3 Qc6 26. Re2 Rfe8 27. Rfe1
Bd8 28. Rxe6 Rxe6 29. Rxe6 fxe6 30. g4 Bc7 31. Kf2 h6 32. Ke2 e5 33. dxe5 Bxe5
34. Ne3 Qb5+ 1/2-1/2

[Event "DM 2022 Kort Paaske 2 Grp1"]
[Site "Svendborg"]
[Date "2022.04.15"]
[Round "3"]
[White "Nielsen, Aage Sondergaard"]
[Black "Burgaard, Kristian Gade"]
[Result "1/2-1/2"]
[WhiteElo "1951"]
[BlackElo "1996"]
[PlyCount "79"]
[EventDate "2022.04.14"]
[EventType "swiss"]
[EventRounds "5"]
[EventCountry "DEN"]

1. e4 c5 2. Nc3 e6 3. Nf3 Nc6 4. Bb5 Nge7 5. d4 cxd4 6. Nxd4 a6 7. Nxc6 Nxc6 8.
Bxc6 dxc6 9. Qxd8+ Kxd8 10. Be3 b5 11. e5 Bb4 12. O-O-O+ Kc7 13. Ne4 h6 14. Rd3
Be7 15. Rhd1 f5 16. Nd6 Bxd6 17. Rxd6 g5 18. g3 Rf8 19. f4 g4 20. Bc5 Rg8 21.
a3 h5 22. Bf2 Rb8 23. Be1 Kb6 24. Bf2+ Kc7 25. Bc5 Ra8 26. Bf2 Rf8 27. c4 Rh8
28. c5 a5 29. R6d3 Rg8 30. R1d2 Rh8 31. Kd1 Rg8 32. Ke1 Rh8 33. Kf1 Rg8 34. Kg2
Rh8 35. Rd1 Rg8 36. h3 Rh8 37. Rd6 Rb8 38. Be1 Ra8 39. b4 a4 40. h4 1/2-1/2

[Event "DM 2022 Kort Paaske 2 Grp1"]
[Site "Svendborg"]
[Date "2022.04.15"]
[Round "3"]
[White "Raahauge, Lars"]
[Black "Boldt, Allan"]
[Result "0-1"]
[WhiteElo "1952"]
[BlackElo "2150"]
[PlyCount "52"]
[EventDate "2022.04.14"]
[EventType "swiss"]
[EventRounds "5"]
[EventCountry "DEN"]

1. e4 c5 2. d4 cxd4 3. c3 dxc3 4. Nxc3 Nc6 5. Nf3 d6 6. Bc4 e6 7. O-O Be7 8.
Qe2 Bd7 9. Rd1 a6 10. a4 Nf6 11. h3 h6 12. Bf4 e5 13. Be3 O-O 14. Rac1 Rc8 15.
Nd5 Nxd5 16. Bxd5 Qe8 17. Nd2 Be6 18. Bxe6 fxe6 19. Nc4 Rd8 20. Qg4 Rf6 21. Nb6
Qf7 22. b4 Rg6 23. Qe2 Bg5 24. Bxg5 Rxg5 25. h4 Rg6 26. Nc4 Nd4 0-1

[Event "DM 2022 Kort Paaske 2 Grp1"]
[Site "Svendborg"]
[Date "2022.04.16"]
[Round "4"]
[White "Andersen, Kim Nyvang"]
[Black "Nielsen, Henning"]
[Result "1/2-1/2"]
[WhiteElo "1978"]
[BlackElo "2076"]
[PlyCount "59"]
[EventDate "2022.04.14"]
[EventType "swiss"]
[EventRounds "5"]
[EventCountry "DEN"]

1. d4 Nf6 2. c4 e6 3. Nc3 Bb4 4. e3 O-O 5. Nge2 d5 6. a3 Be7 7. cxd5 exd5 8.
Nf4 c6 9. Bd3 Re8 10. O-O Nbd7 11. b4 Nf8 12. b5 Ng6 13. Nxg6 hxg6 14. a4 Bd6
15. f4 c5 16. Ne2 Bg4 17. h3 c4 18. Bc2 Bxe2 19. Qxe2 Ne4 20. Qf3 Re6 21. Bxe4
Rxe4 22. Bd2 Qe7 23. f5 c3 24. Bc1 Re8 25. f6 gxf6 26. Qxf6 Qd7 27. Ra2 R8e6
28. Qf3 Bb8 29. g4 Bd6 30. Rff2 1/2-1/2

[Event "DM 2022 Kort Paaske 2 Grp1"]
[Site "Svendborg"]
[Date "2022.04.16"]
[Round "4"]
[White "Fredericia, Louise Winther"]
[Black "Laursen, Niels Norskov"]
[Result "1/2-1/2"]
[WhiteElo "1995"]
[BlackElo "2178"]
[PlyCount "66"]
[EventDate "2022.04.14"]
[EventType "swiss"]
[EventRounds "5"]
[EventCountry "DEN"]

1. e4 d6 2. f4 Nf6 3. Nc3 g6 4. Nf3 Bg7 5. d4 O-O 6. Be2 c5 7. Be3 Nbd7 8. e5
Ng4 9. Bg1 cxd4 10. Nxd4 dxe5 11. Bxg4 exd4 12. Bxd4 e5 13. Bf2 exf4 14. O-O
Ne5 15. Bxc8 Qxd1 16. Raxd1 Rfxc8 17. Bd4 Rc4 18. Rxf4 Nc6 19. Be3 Rxf4 20.
Bxf4 Bxc3 21. bxc3 Rd8 22. Re1 f6 23. h4 Kf7 24. Re4 h5 25. Kf2 Rd5 26. Rc4 Ra5
27. a4 Rd5 28. Be3 Ke6 29. Re4+ Re5 30. Rc4 Rf5+ 31. Ke2 Rd5 32. Re4+ Re5 33.
Rc4 Rf5 1/2-1/2

[Event "DM 2022 Kort Paaske 2 Grp1"]
[Site "Svendborg"]
[Date "2022.04.16"]
[Round "4"]
[White "Mortensen, Martin Lind"]
[Black "Motzkus, Mikkel"]
[Result "1/2-1/2"]
[WhiteElo "2075"]
[BlackElo "1974"]
[PlyCount "118"]
[EventDate "2022.04.14"]
[EventType "swiss"]
[EventRounds "5"]
[EventCountry "DEN"]

1. e4 c6 2. d4 d5 3. exd5 cxd5 4. Bd3 Nc6 5. c3 Nf6 6. Bf4 Qb6 7. Qb3 Qxb3 8.
axb3 Nh5 9. Be3 Bd7 10. b4 e6 11. Nd2 Bd6 12. Ne2 O-O 13. f4 Nf6 14. O-O Ng4
15. Rf3 f6 16. b5 Ne7 17. h3 Nxe3 18. Rxe3 Ng6 19. Rf3 e5 20. fxe5 fxe5 21.
Rxf8+ Kxf8 22. b6 a6 23. Bxg6 hxg6 24. dxe5 Bxe5 25. Nb3 Ke7 26. Ned4 Kd6 27.
Re1 Re8 28. Rd1 Ba4 29. Rf1 Bg3 30. Nd2 Bc6 31. Rf3 Be5 32. Kf2 Bxd4+ 33. cxd4
Bb5 34. Nb3 Re2+ 35. Kg3 Rxb2 36. Nc5 Rd2 37. Rf7 Rxd4 38. Nxb7+ Kc6 39. Rxg7
Kxb6 40. Nd6 Bd3 41. Nc8+ Kc5 42. Ne7 a5 43. Nxg6 a4 44. Nf4 Kb4 45. Rb7+ Bb5
46. Ne6 Rc4 47. Nc7 Rxc7 48. Rxc7 a3 49. Kf2 a2 50. Rc1 Bd3 51. Ra1 Bb1 52. h4
d4 53. h5 d3 54. h6 d2 55. Ke2 Kc3 56. h7 Kc2 57. h8=Q d1=Q+ 58. Kf2 Qd2+ 59.
Kg1 Qc3 1/2-1/2